[Event "South Island Championships 2023"]
[Site "Oamaru, New Zealand"]
[Date "????.??.??"]
[Round "4.11"]
[White "Ong, Rommel"]
[Black "Gold, Hamish R"]
[Result "1-0"]
[TimeControl "90 + 30"]
[WhiteFideId "5259630"]
[BlackFideId "4301579"]
[WhiteElo "1852"]
[BlackElo "1758"]

1. e4 {[%clk 01:30:57]} {[%emt 00:00:02]} Nc6 {[%clk 01:29:48]} {[%emt
00:01:12]} 2. d4 {[%clk 01:31:07]} {[%emt 00:00:21]} f5 {[%clk 01:29:52]}
{[%emt 00:00:25]} 3. d5 {[%clk 01:29:56]} {[%emt 00:01:41]} Ne5 {[%clk
01:29:08]} {[%emt 00:01:13]} 4. f4 {[%clk 01:30:09]} {[%emt 00:00:19]} Nf7
{[%clk 01:27:29]} {[%emt 00:02:08]} 5. e5 {[%clk 01:30:07]} {[%emt 00:00:33]}
Nfh6 {[%clk 01:25:31]} {[%emt 00:02:27]} 6. Nf3 {[%clk 01:26:41]} {[%emt
00:03:56]} c6 {[%clk 01:25:23]} {[%emt 00:00:37]} 7. c4 {[%clk 01:26:58]}
{[%emt 00:00:15]} Qb6 {[%clk 01:25:12]} {[%emt 00:00:40]} 8. Nc3 {[%clk
01:25:41]} {[%emt 00:01:48]} d6 {[%clk 01:23:44]} {[%emt 00:01:56]} 9. Bd3
{[%clk 01:24:42]} {[%emt 00:01:30]} g6 {[%clk 01:21:28]} {[%emt 00:02:45]} 10.
Qe2 {[%clk 01:22:46]} {[%emt 00:02:27]} Bg7 {[%clk 01:20:44]} {[%emt 00:01:13]}
11. h3 {[%clk 01:21:00]} {[%emt 00:02:17]} dxe5 {[%clk 01:19:41]} {[%emt
00:01:33]} 12. fxe5 {[%clk 01:21:03]} {[%emt 00:00:27]} Qc7 {[%clk 01:18:34]}
{[%emt 00:01:37]} 13. Bf4 {[%clk 01:20:21]} {[%emt 00:01:12]} Nf7 {[%clk
01:14:42]} {[%emt 00:04:21]} 14. d6 {[%clk 01:18:01]} {[%emt 00:02:52]} Qa5
{[%clk 01:13:54]} {[%emt 00:01:17]} 15. O-O {[%clk 01:16:46]} {[%emt 00:01:46]}
h6 {[%clk 01:13:33]} {[%emt 00:00:50]} 16. a3 {[%clk 01:14:02]} {[%emt
00:03:14]} e6 {[%clk 01:13:09]} {[%emt 00:00:53]} 17. b4 {[%clk 01:14:07]}
{[%emt 00:00:26]} Qd8 {[%clk 01:13:18]} {[%emt 00:00:20]} 18. Rac1 {[%clk
01:11:26]} {[%emt 00:03:13]} g5 {[%clk 01:11:17]} {[%emt 00:02:30]} 19. Bg3
{[%clk 01:09:33]} {[%emt 00:02:23]} h5 {[%clk 01:11:01]} {[%emt 00:00:46]} 20.
c5 {[%clk 01:09:57]} {[%emt 00:00:07]} g4 {[%clk 01:11:08]} {[%emt 00:00:22]}
21. Nh4 {[%clk 01:00:30]} {[%emt 00:09:57]} Bh6 {[%clk 01:07:39]} {[%emt
00:03:59]} 22. Nxf5 {[%clk 00:57:46]} {[%emt 00:03:15]} Bxc1 {[%clk 01:06:32]}
{[%emt 00:01:36]} 23. Rxc1 {[%clk 00:55:43]} {[%emt 00:02:34]} Qg5 {[%clk
01:05:36]} {[%emt 00:01:25]} 24. Rf1 {[%clk 00:55:33]} {[%emt 00:00:40]} exf5
{[%clk 01:05:25]} {[%emt 00:00:40]} 25. e6 {[%clk 00:55:44]} {[%emt 00:00:20]}
Ngh6 {[%clk 01:02:03]} {[%emt 00:03:52]} 26. exf7+ {[%clk 00:53:55]} {[%emt
00:02:20]} Kxf7 {[%clk 01:01:47]} {[%emt 00:00:45]} 27. Bc4+ {[%clk 00:52:35]}
{[%emt 00:01:50]} Kg6 {[%clk 01:00:47]} {[%emt 00:01:29]} 28. h4 {[%clk
00:48:37]} {[%emt 00:04:30]} Qd8 {[%clk 00:57:52]} {[%emt 00:03:24]} 29. Re1
{[%clk 00:45:22]} {[%emt 00:03:45]} Bd7 {[%clk 00:57:05]} {[%emt 00:01:16]} 30.
Qd2 {[%clk 00:45:31]} {[%emt 00:00:22]} Re8 {[%clk 00:57:11]} {[%emt 00:00:23]}
31. Ne2 {[%clk 00:45:37]} {[%emt 00:00:25]} Qf6 {[%clk 00:56:42]} {[%emt
00:00:58]} 32. Nf4+ {[%clk 00:46:04]} {[%emt 00:00:05]} Kh7 {[%clk 00:56:17]}
{[%emt 00:00:54]} 33. Nxh5 {[%clk 00:45:53]} {[%emt 00:00:42]} Rxe1+ {[%clk
00:56:30]} {[%emt 00:00:17]} 34. Bxe1 {[%clk 00:46:06]} {[%emt 00:00:17]} Qe5
{[%clk 00:53:47]} {[%emt 00:03:11]} 35. Bg3 {[%clk 00:44:48]} {[%emt 00:01:48]}
Qa1+ {[%clk 00:53:12]} {[%emt 00:01:05]} 36. Kh2 {[%clk 00:45:06]} {[%emt
00:00:13]} Rf8 {[%clk 00:44:33]} {[%emt 00:09:06]} 37. Qg5 {[%clk 00:44:59]}
{[%emt 00:00:39]} Qd4 {[%clk 00:42:29]} {[%emt 00:02:34]} 38. Bf4 {[%clk
00:44:38]} {[%emt 00:00:51]} g3+ {[%clk 00:42:14]} {[%emt 00:00:45]} 39. Kh3
{[%clk 00:39:05]} {[%emt 00:06:04]} Ng4 {[%clk 00:41:50]} {[%emt 00:00:54]} 40.
Qe7+ {[%clk 00:38:07]} {[%emt 00:01:29]} Kg6 {[%clk 00:40:03]} {[%emt
00:02:16]} 41. Qxf8 {[%clk 00:36:16]} {[%emt 00:02:21]} Nf2+ {[%clk 00:35:29]}
{[%emt 00:05:04]} 42. Kxg3 {[%clk 00:36:01]} {[%emt 00:00:46]} Ne4+ {[%clk
00:35:35]} {[%emt 00:00:24]} 43. Kh2 {[%clk 00:36:15]} {[%emt 00:00:15]} Qxc4
{[%clk 00:34:49]} {[%emt 00:01:16]} 44. Qh6+ {[%clk 00:35:05]} {[%emt
00:01:40]} Kf7 {[%clk 00:35:03]} {[%emt 00:00:16]} 45. Qg7+ {[%clk 00:35:29]}
{[%emt 00:00:06]} Ke8 {[%clk 00:34:54]} {[%emt 00:00:39]} 46. Qe7# {[%clk
00:35:43]} {[%emt 00:00:16]} 1-0

[Event "South Island Championships 2023"]
[Site "Oamaru, New Zealand"]
[Date "????.??.??"]
[Round "4.8"]
[White "Coleman, Phil"]
[Black "Familton, Gregory"]
[Result "1/2-1/2"]
[TimeControl "90 + 30"]
[WhiteFideId "4319443"]
[BlackFideId "4317190"]
[WhiteElo "1872"]
[BlackElo "1751"]

1. e4 {[%emt 00:00:03]} c5 {[%clk 01:30:59]} 2. a3 {[%clk 01:31:20]} {[%emt
00:00:08]} e6 {[%clk 01:30:29]} {[%emt 00:00:59]} 3. Nf3 {[%clk 01:31:33]}
{[%emt 00:00:15]} Nc6 {[%clk 01:30:08]} {[%emt 00:00:54]} 4. d4 {[%clk
01:31:55]} {[%emt 00:00:07]} cxd4 {[%clk 01:30:32]} {[%emt 00:00:07]} 5. Nxd4
{[%clk 01:32:15]} {[%emt 00:00:09]} Qc7 {[%clk 01:30:38]} {[%emt 00:00:24]} 6.
Nc3 {[%clk 01:32:23]} {[%emt 00:00:22]} a6 {[%clk 01:30:47]} {[%emt 00:00:21]}
7. Be3 {[%clk 01:32:17]} {[%emt 00:00:36]} b5 {[%clk 01:31:08]} {[%emt
00:00:09]} 8. g3 {[%clk 01:32:07]} {[%emt 00:00:40]} Bb7 {[%clk 01:31:30]}
{[%emt 00:00:08]} 9. Bg2 {[%clk 01:31:47]} {[%emt 00:00:44]} Nf6 {[%clk
01:30:12]} {[%emt 00:01:54]} 10. f4 {[%clk 01:28:44]} {[%emt 00:03:33]} b4
{[%clk 01:23:02]} {[%emt 00:07:41]} 11. axb4 {[%clk 01:14:11]} {[%emt
00:15:02]} Bxb4 {[%clk 01:23:25]} {[%emt 00:00:07]} 12. O-O {[%clk 01:14:17]}
{[%emt 00:00:22]} Nxd4 {[%clk 01:12:10]} {[%emt 00:11:46]} 13. Bxd4 {[%clk
01:03:28]} {[%emt 00:05:06]} Bxc3 {[%clk 01:12:39]} 14. Bxc3 {[%clk 01:01:59]}
{[%emt 00:08:13]} Qd8 {[%clk 00:55:46]} {[%emt 00:17:24]} 15. Qd4 {[%clk
00:55:15]} {[%emt 00:07:13]} 1/2-1/2

[Event "South Island Championships 2023"]
[Site "Oamaru, New Zealand"]
[Date "????.??.??"]
[Round "4.5"]
[White "Paulsen, Jens"]
[Black "Summers, Paul G"]
[Result "1-0"]
[TimeControl "90 + 30"]
[WhiteFideId "4320476"]
[BlackFideId "3232883"]
[WhiteElo "2080"]
[BlackElo "1799"]

1. e4 {[%clk 01:30:57]} {[%emt 00:00:03]} e5 {[%clk 01:30:55]} {[%emt
00:00:05]} 2. Nf3 {[%clk 01:31:24]} {[%emt 00:00:04]} f5 {[%clk 01:31:21]}
{[%emt 00:00:04]} 3. d4 {[%clk 01:14:22]} {[%emt 00:17:32]} exd4 {[%clk
01:30:50]} {[%emt 00:01:00]} 4. e5 {[%clk 01:09:11]} {[%emt 00:05:42]} Nc6
{[%clk 01:29:03]} {[%emt 00:02:16]} 5. Bc4 {[%clk 01:03:17]} {[%emt 00:06:24]}
d5 {[%clk 01:25:49]} {[%emt 00:03:44]} 6. exd6 {[%clk 01:03:19]} {[%emt
00:00:29]} Qxd6 {[%clk 01:25:30]} {[%emt 00:00:49]} 7. O-O {[%clk 01:03:13]}
{[%emt 00:00:36]} Be7 {[%clk 01:22:28]} {[%emt 00:03:32]} 8. c3 {[%clk
01:00:42]} {[%emt 00:03:02]} Bd7 {[%clk 01:21:02]} {[%emt 00:01:55]} 9. cxd4
{[%clk 00:57:16]} {[%emt 00:03:56]} O-O-O {[%clk 01:19:59]} {[%emt 00:01:33]}
10. Nc3 {[%clk 00:55:27]} {[%emt 00:02:19]} Bf6 {[%clk 01:16:23]} {[%emt
00:04:06]} 11. Nb5 {[%clk 00:29:28]} {[%emt 00:26:29]} Qb4 {[%clk 01:15:59]}
{[%emt 00:00:55]} 12. Qd3 {[%clk 00:28:54]} {[%emt 00:01:03]} a6 {[%clk
01:14:42]} {[%emt 00:01:47]} 13. Bd2 {[%clk 00:27:37]} {[%emt 00:01:47]} Qf8
{[%clk 01:14:14]} {[%emt 00:00:59]} 14. Nxc7 {[%clk 00:25:46]} {[%emt
00:02:21]} Kxc7 {[%clk 01:08:14]} {[%emt 00:06:31]} 15. Bxa6 {[%clk 00:26:09]}
{[%emt 00:00:07]} Qd6 {[%clk 00:56:01]} {[%emt 00:12:42]} 16. Rac1 {[%clk
00:22:37]} {[%emt 00:04:03]} Nge7 {[%clk 00:54:23]} {[%emt 00:02:07]} 17. Bxb7
{[%clk 00:19:01]} {[%emt 00:04:07]} Nd5 {[%clk 00:52:53]} {[%emt 00:01:59]} 18.
Qb5 {[%clk 00:18:19]} {[%emt 00:01:13]} Ra8 {[%clk 00:50:54]} {[%emt 00:02:29]}
19. Rxc6+ {[%clk 00:11:52]} {[%emt 00:06:57]} Bxc6 {[%clk 00:48:40]} {[%emt
00:02:42]} 20. Rc1 {[%clk 00:12:17]} {[%emt 00:00:06]} Ne7 {[%clk 00:48:23]}
{[%emt 00:00:48]} 21. d5 {[%clk 00:11:18]} {[%emt 00:01:28]} Rxa2 {[%clk
00:44:14]} {[%emt 00:04:39]} 22. Bxc6 {[%clk 00:09:22]} {[%emt 00:02:25]} Rxb2
{[%clk 00:44:02]} {[%emt 00:00:43]} 23. Ba5+ {[%emt 00:01:01]} 1-0

[Event "South Island Championships 2023"]
[Site "Oamaru, New Zealand"]
[Date "????.??.??"]
[Round "4.1"]
[White "Johnson, Quentin J F"]
[Black "Stark, John"]
[Result "1/2-1/2"]
[TimeControl "90 + 30"]
[WhiteFideId "4301480"]
[BlackFideId "4300963"]
[WhiteElo "2089"]
[BlackElo "2204"]

1. d4 {[%clk 01:29:45]} {[%emt 00:01:14]} Nf6 {[%clk 01:30:55]} {[%emt
00:00:06]} 2. c4 {[%clk 01:30:07]} {[%emt 00:00:08]} e6 {[%clk 01:31:21]}
{[%emt 00:00:04]} 3. Nc3 {[%clk 01:30:34]} {[%emt 00:00:03]} Bb4 {[%clk
01:31:30]} {[%emt 00:00:22]} 4. Bd2 {[%clk 01:30:56]} {[%emt 00:00:08]} b6
{[%clk 01:26:54]} {[%emt 00:05:06]} 5. Nf3 {[%clk 01:31:12]} {[%emt 00:00:13]}
Bb7 {[%clk 01:26:52]} {[%emt 00:00:32]} 6. e3 {[%clk 01:31:35]} {[%emt
00:00:07]} O-O {[%clk 01:24:26]} {[%emt 00:02:56]} 7. Bd3 {[%clk 01:31:57]}
{[%emt 00:00:08]} Bxc3 {[%clk 01:24:42]} {[%emt 00:00:15]} 8. Bxc3 {[%clk
01:32:19]} {[%emt 00:00:07]} Ne4 {[%clk 01:25:07]} {[%emt 00:00:05]} 9. Bb4
{[%clk 01:25:45]} {[%emt 00:07:04]} d6 {[%clk 01:21:50]} {[%emt 00:03:47]} 10.
O-O {[%clk 01:25:46]} {[%emt 00:00:29]} a5 {[%clk 01:19:08]} {[%emt 00:03:12]}
11. Be1 {[%clk 01:26:02]} {[%emt 00:00:13]} Nd7 {[%clk 01:19:19]} {[%emt
00:00:20]} 12. Nd2 {[%clk 01:26:15]} {[%emt 00:00:17]} Nxd2 {[%clk 01:12:38]}
{[%emt 00:07:10]} 13. Bxd2 {[%clk 01:22:24]} {[%emt 00:04:21]} f5 {[%clk
01:10:33]} {[%emt 00:02:35]} 14. f3 {[%clk 01:21:44]} {[%emt 00:01:10]} Qf6
{[%clk 00:59:12]} {[%emt 00:11:52]} 15. Bc3 {[%clk 01:16:15]} {[%emt 00:05:57]}
Qg5 {[%clk 00:58:59]} {[%emt 00:00:43]} 16. Qd2 {[%clk 01:15:11]} {[%emt
00:01:34]} Nf6 {[%clk 00:51:24]} {[%emt 00:08:06]} 17. Rae1 {[%clk 01:15:07]}
{[%emt 00:00:34]} Nh5 {[%clk 00:47:26]} {[%emt 00:04:28]} 18. e4 {[%clk
00:56:15]} {[%emt 00:19:22]} f4 {[%clk 00:41:49]} {[%emt 00:06:07]} 19. e5
{[%clk 00:52:14]} {[%emt 00:04:31]} Qh4 {[%clk 00:27:35]} {[%emt 00:14:44]} 20.
d5 {[%clk 00:36:42]} {[%emt 00:16:02]} Ng3 {[%clk 00:25:16]} {[%emt 00:02:49]}
21. Rf2 {[%clk 00:32:08]} {[%emt 00:05:04]} dxe5 {[%clk 00:21:02]} {[%emt
00:04:44]} 22. Bxe5 {[%clk 00:25:29]} {[%emt 00:07:09]} exd5 {[%clk 00:21:09]}
{[%emt 00:00:23]} 23. Bxc7 {[%clk 00:20:55]} {[%emt 00:05:04]} Rf6 {[%clk
00:19:46]} {[%emt 00:01:53]} 24. hxg3 {[%clk 00:20:08]} {[%emt 00:01:17]} fxg3
{[%clk 00:16:07]} {[%emt 00:04:09]} 25. Bxg3 {[%clk 00:20:25]} {[%emt
00:00:12]} Qxg3 {[%clk 00:16:35]} {[%emt 00:00:02]} 26. cxd5 {[%clk 00:20:30]}
{[%emt 00:00:25]} Rh6 {[%clk 00:11:48]} {[%emt 00:05:18]} 27. Bb5 {[%clk
00:16:11]} {[%emt 00:04:49]} Rd8 {[%clk 00:08:38]} {[%emt 00:03:40]} 28. Re7
{[%clk 00:06:25]} {[%emt 00:10:16]} Qh4 {[%clk 00:07:14]} {[%emt 00:01:54]} 29.
Rfe2 {[%clk 00:06:49]} {[%emt 00:00:06]} Qh1+ {[%clk 00:06:21]} {[%emt
00:01:22]} 30. Kf2 {[%clk 00:07:17]} {[%emt 00:00:03]} Qh4+ {[%clk 00:06:46]}
{[%emt 00:00:05]} 31. g3 {[%clk 00:04:22]} {[%emt 00:03:25]} Qh2+ {[%clk
00:05:49]} {[%emt 00:01:27]} 32. Ke3 {[%clk 00:04:43]} {[%emt 00:00:09]} Qxg3
{[%clk 00:05:57]} {[%emt 00:00:22]} 33. Rxb7 {[%clk 00:05:04]} {[%emt
00:00:09]} Qe5+ {[%clk 00:01:52]} {[%emt 00:04:34]} 34. Kf2 {[%clk 00:03:08]}
{[%emt 00:02:26]} Qh2+ {[%clk 00:00:51]} {[%emt 00:01:31]} 35. Kf1 {[%clk
00:02:06]} {[%emt 00:01:32]} Qh1+ {[%clk 00:00:38]} {[%emt 00:00:44]} 36. Kf2
{[%clk 00:02:33]} {[%emt 00:00:04]} Qh4+ {[%clk 00:00:34]} {[%emt 00:00:33]} 37.
Kf1 {[%clk 00:02:07]} {[%emt 00:00:56]} Qh1+ {[%clk 00:00:35]} {[%emt
00:00:29]} 38. Kf2 {[%clk 00:02:33]} {[%emt 00:00:04]} Qh4+ {[%clk 00:00:32]}
{[%emt 00:00:33]} 39. Kf1 {[%clk 00:02:23]} {[%emt 00:00:40]} Qh1+ {[%clk
00:00:33]} {[%emt 00:00:30]} 40. Kf2 {[%clk 00:01:54]} {[%emt 00:00:23]}
1/2-1/2

[Event "South Island Championships 2023"]
[Site "Oamaru, New Zealand"]
[Date "????.??.??"]
[Round "4.4"]
[White "Cummings, Nick"]
[Black "Zhang, Kendrick Botong"]
[Result "1/2-1/2"]
[TimeControl "90 + 30"]
[WhiteFideId "4301218"]
[BlackFideId "4307704"]
[WhiteElo "2094"]
[BlackElo "2067"]

1. Nc3 {[%clk 01:30:58]} {[%emt 00:00:01]} d5 {[%clk 01:29:14]} {[%emt
00:01:47]} 2. e4 {[%clk 01:31:13]} {[%emt 00:00:15]} d4 {[%clk 01:26:01]}
{[%emt 00:03:42]} 3. Nce2 {[%clk 01:31:40]} {[%emt 00:00:03]} c5 {[%clk
01:15:42]} {[%emt 00:10:50]} 4. Ng3 {[%clk 01:31:20]} {[%emt 00:00:49]} Nc6
{[%clk 01:14:16]} {[%emt 00:01:56]} 5. Nf3 {[%clk 01:30:47]} {[%emt 00:01:03]}
e5 {[%clk 01:07:48]} {[%emt 00:06:58]} 6. Bb5 {[%emt 00:10:21]} Bd6 {[%clk
01:03:05]} {[%emt 00:00:33]} 7. c3 {[%clk 01:10:24]} {[%emt 00:15:42]} Nge7
{[%clk 01:01:00]} {[%emt 00:02:35]} 8. d3 {[%clk 01:08:40]} {[%emt 00:02:14]}
a6 {[%clk 00:56:40]} {[%emt 00:04:50]} 9. Bxc6+ {[%clk 01:02:49]} {[%emt
00:06:21]} Nxc6 {[%clk 00:55:49]} {[%emt 00:01:20]} 10. Nd2 {[%clk 00:49:57]}
{[%emt 00:13:22]} Be6 {[%clk 00:51:39]} {[%emt 00:04:41]} 11. c4 {[%clk
00:36:07]} {[%emt 00:14:19]} b5 {[%clk 00:49:12]} {[%emt 00:02:58]} 12. O-O
{[%clk 00:35:51]} {[%emt 00:00:46]} O-O {[%clk 00:46:37]} {[%emt 00:03:05]} 13.
Nh1 {[%clk 00:26:47]} {[%emt 00:09:35]} Nb4 {[%clk 00:41:39]} {[%emt 00:05:28]}
14. Qe2 {[%clk 00:24:10]} {[%emt 00:03:06]} bxc4 {[%clk 00:40:33]} {[%emt
00:01:36]} 15. Nxc4 {[%clk 00:24:38]} {[%emt 00:00:02]} Bxc4 {[%clk 00:38:39]}
{[%emt 00:02:24]} 16. dxc4 {[%clk 00:24:19]} {[%emt 00:00:49]} Be7 {[%clk
00:34:13]} {[%emt 00:04:55]} 17. Qg4 {[%clk 00:21:52]} {[%emt 00:02:57]} Qc8
{[%clk 00:30:32]} {[%emt 00:04:12]} 18. Qxc8 {[%clk 00:20:04]} {[%emt
00:02:19]} Raxc8 {[%clk 00:30:32]} {[%emt 00:00:29]} 19. Bd2 {[%clk 00:19:22]}
{[%emt 00:01:10]} Rb8 {[%clk 00:29:32]} {[%emt 00:01:32]} 20. f3 {[%clk
00:18:52]} {[%emt 00:00:59]} a5 {[%clk 00:28:42]} {[%emt 00:01:19]} 21. Nf2
{[%clk 00:18:21]} {[%emt 00:01:02]} Bd6 {[%clk 00:22:19]} {[%emt 00:06:53]} 22.
Rfc1 {[%clk 00:18:07]} {[%emt 00:00:44]} Rb7 {[%clk 00:20:54]} {[%emt
00:01:57]} 23. Kf1 {[%clk 00:16:28]} {[%emt 00:02:08]} Rfb8 {[%clk 00:19:29]}
{[%emt 00:01:55]} 24. a4 {[%clk 00:11:35]} {[%emt 00:05:23]} g6 {[%clk
00:17:18]} {[%emt 00:02:41]} 25. Bxb4 {[%clk 00:07:13]} {[%emt 00:04:52]} Rxb4
{[%clk 00:17:39]} {[%emt 00:00:09]} 26. Nd3 {[%clk 00:07:40]} {[%emt 00:00:03]}
Rb3 {[%clk 00:17:57]} {[%emt 00:00:12]} 27. Ke2 {[%clk 00:07:56]} {[%emt
00:00:13]} f5 {[%clk 00:17:29]} {[%emt 00:00:58]} 28. Rab1 {[%clk 00:05:37]}
{[%emt 00:02:49]} Kf7 {[%clk 00:17:31]} {[%emt 00:00:29]} 29. Rf1 {[%clk
00:05:30]} {[%emt 00:00:35]} Ke6 {[%clk 00:17:18]} {[%emt 00:00:45]} 30. g4
{[%clk 00:04:37]} {[%emt 00:01:22]} R3b7 {[%clk 00:14:48]} {[%emt 00:03:02]} 31.
Rg1 {[%clk 00:04:58]} {[%emt 00:00:07]} Rf8 {[%clk 00:12:43]} {[%emt 00:02:35]}
32. gxf5+ {[%clk 00:05:06]} {[%emt 00:00:23]} gxf5 {[%clk 00:13:06]} {[%emt
00:00:07]} 33. Rg2 {[%clk 00:04:44]} {[%emt 00:00:51]} Rbf7 {[%clk 00:12:30]}
{[%emt 00:01:06]} 34. Rbg1 {[%clk 00:05:04]} {[%emt 00:00:10]} fxe4 {[%clk
00:11:27]} {[%emt 00:01:34]} 35. fxe4 {[%clk 00:05:32]} {[%emt 00:00:03]} Rf3
{[%clk 00:11:44]} {[%emt 00:00:12]} 36. Rg3 {[%clk 00:05:42]} {[%emt 00:00:20]}
R3f6 {[%clk 00:07:49]} {[%emt 00:04:25]} 37. Rg7 {[%clk 00:05:39]} {[%emt
00:00:32]} Rh6 {[%clk 00:05:32]} {[%emt 00:02:47]} 38. R1g2 {[%clk 00:05:55]}
{[%emt 00:00:14]} Rff6 {[%clk 00:03:45]} {[%emt 00:02:18]} 39. R7g3 {[%clk
00:05:30]} {[%emt 00:00:52]} Rh4 {[%clk 00:03:48]} {[%emt 00:00:30]} 40. Rg4
{[%clk 00:05:32]} {[%emt 00:00:27]} Rh3 {[%clk 00:03:13]} {[%emt 00:01:07]} 41.
R4g3 {[%clk 00:05:48]} {[%emt 00:00:14]} Rfh6 {[%clk 00:03:14]} {[%emt
00:00:28]} 42. Rxh3 {[%clk 00:05:54]} {[%emt 00:00:24]} Rxh3 {[%clk 00:03:39]}
{[%emt 00:00:05]} 43. Nf2 {[%clk 00:06:14]} {[%emt 00:00:10]} Re3+ {[%clk
00:03:15]} {[%emt 00:00:54]} 44. Kd2 {[%clk 00:06:29]} {[%emt 00:00:14]} Be7
{[%clk 00:02:48]} {[%emt 00:00:57]} 45. Rg3 {[%clk 00:06:32]} {[%emt 00:00:28]}
Rxg3 {[%clk 00:00:44]} {[%emt 00:02:33]} 46. hxg3 {[%clk 00:06:58]} {[%emt
00:00:05]} h5 {[%clk 00:00:32]} {[%emt 00:00:42]} 47. Ke2 {[%clk 00:07:17]}
{[%emt 00:00:11]} Kf6 {[%clk 00:00:31]} {[%emt 00:00:31]} 48. Nd3 {[%clk
00:07:14]} {[%emt 00:00:30]} Bd6 {[%clk 00:00:39]} {[%emt 00:00:24]} 49. Kf3
{[%clk 00:07:11]} {[%emt 00:00:34]} Bf8 {[%clk 00:00:34]} {[%emt 00:00:35]} 50.
Nc1 {[%clk 00:07:07]} {[%emt 00:00:33]} Ke6 {[%clk 00:00:33]} {[%emt 00:00:31]}
51. Nd3 {[%clk 00:05:27]} {[%emt 00:02:10]} Be7 {[%clk 00:00:46]} {[%emt
00:00:18]} 52. Kg2 {[%clk 00:05:24]} {[%emt 00:00:31]} Kd6 {[%clk 00:00:45]}
{[%emt 00:00:33]} 53. Kh3 {[%clk 00:05:39]} {[%emt 00:00:14]} Bg5 {[%clk
00:00:34]} {[%emt 00:00:42]} 54. Kg2 {[%clk 00:03:44]} {[%emt 00:02:25]} Bd8
{[%clk 00:00:31]} {[%emt 00:00:33]} 55. b3 {[%clk 00:03:39]} {[%emt 00:00:36]}
Be7 {[%clk 00:00:47]} {[%emt 00:00:13]} 56. Ne1 {[%clk 00:03:36]} {[%emt
00:00:33]} Ke6 {[%clk 00:01:01]} {[%emt 00:00:16]} 57. Kf3 {[%clk 00:03:01]}
{[%emt 00:00:53]} Kf6 {[%clk 00:01:21]} {[%emt 00:00:22]} 58. Nd3 {[%clk
00:03:24]} {[%emt 00:00:07]} Bf8 {[%clk 00:01:27]} {[%emt 00:00:24]} 59. Ne1
{[%clk 00:03:12]} {[%emt 00:00:39]} Kg5 {[%clk 00:01:52]} {[%emt 00:00:08]} 60.
Nd3 {[%clk 00:03:32]} {[%emt 00:00:10]} Bd6 {[%clk 00:02:13]} {[%emt 00:00:09]}
61. Nf2 {[%clk 00:02:44]} {[%emt 00:01:18]} h4 {[%clk 00:00:41]} {[%emt
00:02:02]} 62. Nh3+ {[%clk 00:02:54]} {[%emt 00:00:19]} Kh5 {[%clk 00:00:59]}
{[%emt 00:00:13]} 63. gxh4 {[%clk 00:02:32]} {[%emt 00:00:52]} Kxh4 {[%clk
00:01:17]} {[%emt 00:00:12]} 64. Nf2 {[%clk 00:02:58]} {[%emt 00:00:04]} Bf8
{[%clk 00:01:14]} {[%emt 00:00:32]} 65. Nd3 {[%clk 00:03:22]} {[%emt 00:00:07]}
Bd6 {[%clk 00:01:39]} {[%emt 00:00:05]} 66. Nf2 {[%clk 00:03:30]} {[%emt
00:00:22]} Be7 {[%clk 00:01:38]} {[%emt 00:00:31]} 1/2-1/2